Komentár k zmenám zákona o dani z príjmov

Zmeny v zákone o dani z príjmov ( zákon č. 595/2003 Z.z.), ktoré nadobudnú účinnosť 15.12. 2005 a ktoré ovplyvnia spôsob vyčíslenia základu dane z príjmov fyzickej osoby, resp. dane z príjmov právnickej osoby už za zdaňovacie obdobie roku 2005.

Salvato in:
Dettagli Bibliografici
Autore principale: Borodovčák, Michal
Natura: Capitolo di libro
Lingua:slovacco
Soggetti:
Tags: Aggiungi Tag
Nessun Tag, puoi essere il primo ad aggiungerne!!

MARC

LEADER 00000naa$a2200000$$$4500
001 0039000
005 20231109114247.1
041 0 |a slo 
044 |a SK 
245 1 0 |a Komentár k zmenám zákona o dani z príjmov  |c Michal Borodovčák 
520 |a Zmeny v zákone o dani z príjmov ( zákon č. 595/2003 Z.z.), ktoré nadobudnú účinnosť 15.12. 2005 a ktoré ovplyvnia spôsob vyčíslenia základu dane z príjmov fyzickej osoby, resp. dane z príjmov právnickej osoby už za zdaňovacie obdobie roku 2005. 
610 2 0 |a dane z príjmov 
610 2 0 |a daňovníci 
610 2 0 |a komentáre 
610 2 0 |a novelizácia 
610 2 0 |a priznania daňové 
610 2 0 |a sadzby daňové 
610 2 0 |a základ dane 
610 2 0 |a osoby fyzické 
610 2 0 |a osoby právnické 
610 2 0 |a Slovensko 
100 1 |a Borodovčák, Michal